000
00323 a2200097 4500
020
_a
9788198754974
100
_a
Kottayam Pushpanath
245
_a
Yuvathikale vilkkunna kolayali(യുവതികളെ വിൽക്കുന്ന കൊലയാളി)
260
_b
Kottayam Pushpanath publications
_c
2026
942
_c
OO
999
_c
115948
_d
115947